Test de la condición física

Saved in:
Bibliographic Details
Main Authors: Grosser, Manfred (Author), Starischka, Stephan (Author)
Format: Book
Language:Spanish
Published: Barcelona Martínez Roca 1988
Series:Deportes técnicos
Subjects:
Tags: Add Tag
No Tags, Be the first to tag this record!

MARC

LEADER 00000nam a2200000 a 4500
001 UCW4044
003 CL-VaPUC
008 890726e19880000SP |||||||||||||||||spa|d
082 0 4 |a 796.077  |b GRO  |2 21 
100 |a Grosser, Manfred  |e author  |9 477883 
700 0 |a Starischka, Stephan  |e author  |9 308577 
245 1 0 |a Test de la condición física 
300 |a 189 p 
942 |c BK 
945 |d 19890726 00:00:00 
260 |a Barcelona  |b Martínez Roca  |c 1988 
500 |a Incluye tablas de percentiles por edad y sexo 
650 7 |a ENTRENAMIENTO ATLETICO  |2 CL-VaPUC  |9 308578 
650 0 |a Educación física  |9 240893 
650 0 |a Aptitudes físicas  |9 308579 
583 |a last modification  |c 19890726 00:00:00  |k Rodrigo Vera 
490 0 |a Deportes técnicos 
999 |c 217871  |d 217869 
952 |0 0  |1 0  |4 0  |6 796_077000000000000_GRO_1988  |7 0  |8 A  |9 206444  |a BIBEDU  |b BIBEDU  |d 2019-11-15  |i 2742497  |o 796.077 GRO 1988  |p 2742497  |r 2019-11-15  |w 2019-11-15  |y BK  |k EDU 
952 |0 0  |1 0  |4 0  |6 796_077000000000000_GRO_1988  |7 0  |8 A  |9 206445  |a BIBEDU  |b BIBEDU  |d 2019-11-15  |i 2742500  |o 796.077 GRO 1988  |p 2742500  |r 2019-11-15  |w 2019-11-15  |y BK  |k EDU